000 00252 a2200109 4500
001 9157
082 _a327.5491 AHM
090 _c7334
_d7334
100 _aAhmad, M.
245 _aPakistan's foreign policy (664-B actioned)
_hEnglish
260 _bs P K (Pak)
_a1968
942 _aNUST-CAE
999 _c244230
_d244230